[Event "Cracow, Spring 2009"]
[Site "SchemingMind.com"]
[Date "2009.03.29"]
[Round "-"]
[White "Buckaroo Bob"]
[Black "iwegiel"]
[Result "1-0"]
[WhiteCountry "USA"]
[BlackCountry "POL"]
[WhiteElo "1964"]
[WhiteRD "81"]
[BlackElo "1904"]
[BlackRD "70"]
[GameID "197839"]

1. c4 e5 2. Nc3 Nf6 3. g3 Bb4 4. Nf3 e4 5. Ng5 Bxc3 6. dxc3 O-O 7. Bg2 Re8 8. O-O d6 9. b3 Bf5 10. Nh3 Nc6
11. Nf4 Ne5 12. Nd5 Ned7 13. Ba3 Nb6 14. Ne3 Bd7 15. c5 dxc5 16. Bxc5 Qc8 17. Bxb6 axb6 18. c4 Bh3 19. Nd5 Nxd5 20. Qxd5 Bxg2
21. Kxg2 c6 22. Qd4 Qc7 23. Rfd1 Rad8 24. Qc3 Rd6 25. Rd4 g6= 26. Rad1 Rxd4 27. Qxd4 b5 28. cxb5 cxb5 29. Qd7 Qc6 30. Rd6 Qxd7
31. Rxd7 Ra8 32. Re7 f5 33. Rxb7 Rxa2 34. e3 b4 35. Rxb4 Ra7 36. Rb8+ Kg7 37. b4 Ra1 38. b5 Rb1 39. b6 h6 40. h3 Kf6
41. b7 Kg7 42. g4 fxg4 43. hxg4 g5 44. f3 exf3+ 45. Kxf3 Rb4 46. e4 Rb3+ 47. Ke2
1-0

[Event "Cracow, Spring 2009"]
[Site "SchemingMind.com"]
[Date "2009.03.29"]
[Round "-"]
[White "iwegiel"]
[Black "Buckaroo Bob"]
[Result "1-0"]
[WhiteCountry "POL"]
[BlackCountry "USA"]
[WhiteElo "1899"]
[WhiteRD "67"]
[BlackElo "1979"]
[BlackRD "81"]
[GameID "197840"]

1. e4 c5 2. Nc3 d6 3. g3 Nc6 4. Bg2 g6 5. d3 Bg7 6. Be3 Rb8 7. Qd2 b5 8. Nge2 b4 9. Nd1 Nd4 10. O-O e5
11. f4 Bg4 12. Nc1 Ne7 13. c3 Bxd1 14. Rxd1 exf4 15. Bxf4 bxc3 16. bxc3 Nb5 17. Ne2 Qa5 18. Rdc1 Rb6 19. Bh6 O-O 20. Bxg7 Kxg7
21. Qg5 f6 22. Qe3 Nc6 23. d4 Na3 24. Nf4 Re8 25. Nd5 Rb2 26. Qf4 Qd8 27. Rf1 cxd4 28. Qc1 Nc4 29. cxd4 N6a5 30. Nxf6 Re6
31. Ng4 Rd2 32. d5 Qb6+ 33. Kh1 Re7 34. Qc3+ Qd4 35. Qf3
1-0

[Event "Cracow, Spring 2009"]
[Site "SchemingMind.com"]
[Date "2009.03.27"]
[Round "-"]
[White "Han Solo"]
[Black "Buckaroo Bob"]
[Result "1-0"]
[WhiteCountry "HUN"]
[BlackCountry "USA"]
[WhiteElo "2054"]
[WhiteRD "79"]
[BlackElo "1979"]
[BlackRD "81"]
[GameID "198183"]

1. e4 c5 2. Nf3 d6 3. d4 cxd4 4. Nxd4 Nf6 5. f3 Nc6 6. c4 e6 7. Nc3 Be7 8. Be2 O-O 9. O-O Qb6 10. Be3 Qxb2
11. Na4 Qa3 12. Bc1 Qb4 13. Bd2 Qa3 14. Nb5
1-0

[Event "Cracow, Spring 2009"]
[Site "SchemingMind.com"]
[Date "2009.04.01"]
[Round "-"]
[White "Han Solo"]
[Black "iwegiel"]
[Result "1-0"]
[WhiteCountry "HUN"]
[BlackCountry "POL"]
[WhiteElo "2099"]
[WhiteRD "79"]
[BlackElo "1877"]
[BlackRD "72"]
[GameID "198184"]

1. e4 e6 2. d4 d5 3. Nd2 Nf6 4. e5 Nfd7 5. Bd3 c5 6. c3 Nc6 7. Ne2 cxd4 8. cxd4 f6 9. exf6 Nxf6 10. O-O Bd6
11. Nf3 O-O 12. Re1 Qc7 13. Nc3 a6 14. h3 Bd7 15. Bg5 Rae8 16. Rc1 Bf4 17. Bxf4 Qxf4 18. Ne2 Qd6 19. Ng3 e5 20. Rxc6 Qxc6
21. dxe5 Ne4 22. Nxe4 dxe4 23. Bxe4 Qc8 24. Ng5 Re7 25. Bxh7+
1-0

[Event "Cracow, Spring 2009"]
[Site "SchemingMind.com"]
[Date "2009.03.27"]
[Round "-"]
[White "Buckaroo Bob"]
[Black "Han Solo"]
[Result "1-0"]
[WhiteCountry "USA"]
[BlackCountry "HUN"]
[WhiteElo "1964"]
[WhiteRD "80"]
[BlackElo "2098"]
[BlackRD "81"]
[GameID "198185"]

1. c4 c6 2. Nf3 Nf6 3. Nc3 d5 4. e3 g6 5. d4 Bg7 6. Be2 O-O 7. O-O Be6 8. b3 Nbd7 9. Ng5 Bf5 10. g4 Be6
11. f4 Nb6 12. c5 Nc8 13. Nxe6 fxe6 14. g5 Nd7 15. Ba3 b6 16. Bg4 bxc5 17. Bxe6+ Kh8 18. Bxd7 Qxd7 19. Bxc5 Nd6 20. Rc1 Nf5
21. Qg4 Qb7 22. Rf3 Qc8 23. Kf2 Qe6 24. Rg1 Rf7 25. h4 Kg8 26. h5 a6 27. h6 Bh8 28. Qh3 Rff8 29. Rc1 Rac8 30. Qh1 Qd7
31. Ne2 Rf7 32. Ng3 e6 33. Nxf5 exf5 34. Qf1 Qb7 35. Rc3 Re8 36. Qc1 Rc7 37. Qa3 Qb5 38. Rh3 Rec8 39. Rh1 Re8 40. Rhc1 Rcc8
41. Qb2 Re4 42. a4 Qb7 43. b4 Qd7 44. Bb6 Qb7 45. a5 Kf7 46. Qc2 Re6 47. Rc5 Qd7 48. b5 axb5 49. Rxb5 Rxe3 50. Kxe3 Re8+
51. Kf3 cxb5 52. Qc7 Re7 53. Qxd7 Rxd7 54. a6
1-0

[Event "Cracow, Spring 2009"]
[Site "SchemingMind.com"]
[Date "2009.04.01"]
[Round "-"]
[White "iwegiel"]
[Black "Han Solo"]
[Result "0-1"]
[WhiteCountry "POL"]
[BlackCountry "HUN"]
[WhiteElo "1877"]
[WhiteRD "72"]
[BlackElo "2099"]
[BlackRD "79"]
[GameID "198186"]

1. e4 c5 2. Nc3 Nc6 3. g3 g6 4. Bg2 Bg7 5. d3 d6 6. Be3 e6 7. Qd2 Nd4 8. Nge2 Ne7 9. O-O O-O 10. Nc1 Qb6
11. Nd1 e5 12. c3 Ne6 13. Bh6 Bd7 14. Bxg7 Kxg7 15. Ne2 Bc6 16. Ne3 Rae8 17. f4 f5 18. Nd5 Bxd5 19. exd5 c4+ 20. Kh1 cxd3
21. Nc1 Nc7 22. fxe5 dxe5 23. Nxd3 Nexd5 24. Rae1 e4 25. c4 Nf6 26. Nf4 Rd8 27. Qc3 Qd4 28. Qa5 Rf7 29. h3 Rd6 30. Rd1 Qxd1
31. Rxd1 Rxd1+ 32. Kh2 a6 33. Qe5 Kg8 34. g4 fxg4 35. Bxe4 Re1
0-1

[Event "Cracow, Spring 2009"]
[Site "SchemingMind.com"]
[Date "2009.04.01"]
[Round "-"]
[White "marekj"]
[Black "Han Solo"]
[Result "1/2-1/2"]
[WhiteCountry "INT"]
[BlackCountry "HUN"]
[WhiteElo "2269"]
[WhiteRD "77"]
[BlackElo "2099"]
[BlackRD "79"]
[GameID "198236"]

1. d4 d5 2. c4 c6 3. Nf3 Nf6 4. e3 Bf5 5. Nc3 e6 6. Nh4 Bg6 7. Bd2 Nbd7 8. Nxg6 hxg6 9. Rc1 Bd6 10. h3 O-O
11. c5 Bb8 12. Bd3 e5 13. O-O b6 14. b4 a5 15. a3 Qc7 16. f4 exd4 17. exd4 axb4 18. axb4 g5 19. b5 bxc5 20. bxc6 Qxc6
21. fxg5 Ne4 22. Bxe4 dxe4 23. d5 Qg6 24. Qg4 Nb6 25. Qxe4 Qxe4 26. Nxe4 Nxd5 27. Kh1 Rc8 28. Rxc5 Rxc5 29. Nxc5 Ra2 30. Ne4 Ra4
31. Rb1 Be5 32. Re1 Bf4 33. g3 Bxd2= 34. Nxd2 Ra2 35. Nc4 Kh7 36. Re5 Nc3 37. h4 Kg6 38. Ra5 Rxa5 39. Nxa5 f6 40. gxf6 Kxf6
41. Kg2=
1/2-1/2

[Event "Cracow, Spring 2009"]
[Site "SchemingMind.com"]
[Date "2009.03.30"]
[Round "-"]
[White "marekj"]
[Black "Buckaroo Bob"]
[Result "1-0"]
[WhiteCountry "INT"]
[BlackCountry "USA"]
[WhiteElo "2176"]
[WhiteRD "88"]
[BlackElo "1979"]
[BlackRD "81"]
[GameID "198237"]

1. d4 Nf6 2. c4 g6 3. Nc3 Bg7 4. Nf3 O-O 5. g3 d5 6. cxd5 Nxd5 7. Bg2 Nxc3 8. bxc3 c5 9. O-O Nc6 10. d5 Na5
11. Qd3 b6 12. Bf4 Qd7 13. Ne5 Qa4 14. d6 Bb7 15. dxe7 Rfe8 16. Bxb7 Nxb7 17. Nxf7 Kxf7 18. Qd5+ Kxe7 19. Qxb7+ Kf6 20. h4 Rg8
21. Bg5+ Ke6 22. Rad1
1-0

[Event "Cracow, Spring 2009"]
[Site "SchemingMind.com"]
[Date "2009.04.01"]
[Round "-"]
[White "marekj"]
[Black "iwegiel"]
[Result "1-0"]
[WhiteCountry "INT"]
[BlackCountry "POL"]
[WhiteElo "2247"]
[WhiteRD "77"]
[BlackElo "1904"]
[BlackRD "70"]
[GameID "198238"]

1. d4 d5 2. c4 c6 3. Nf3 Nf6 4. e3 e6 5. Nc3 Nbd7 6. Bd3 dxc4 7. Bxc4 b5 8. Bd3 a6 9. a4 b4 10. Ne4 Bb7
11. Nxf6+ Nxf6 12. b3 c5 13. Bb2 cxd4 14. Bxd4 Be7 15. Rc1 O-O 16. O-O Nd7 17. Qe2 Bf6 18. Rfd1 Bxd4 19. Nxd4 Qb6 20. Nf3 Nc5
21. Bxh7+ Kxh7 22. Qc2+ Kg8 23. Qxc5 Qxc5 24. Rxc5 Rfd8 25. Rxd8+ Rxd8 26. Nd4 f6 27. f4 Bd5 28. Kf2 Kf8 29. e4 e5 30. Rxd5 Rxd5
31. exd5 exd4 32. Ke2
1-0

[Event "Cracow, Spring 2009"]
[Site "SchemingMind.com"]
[Date "2009.04.01"]
[Round "-"]
[White "Han Solo"]
[Black "marekj"]
[Result "0-1"]
[WhiteCountry "HUN"]
[BlackCountry "INT"]
[WhiteElo "2110"]
[WhiteRD "79"]
[BlackElo "2324"]
[BlackRD "75"]
[GameID "198239"]

1. e4 c5 2. Nf3 Nc6 3. d4 cxd4 4. Nxd4 Nf6 5. Nc3 e5 6. Ndb5 d6 7. Bg5 a6 8. Na3 b5 9. Bxf6 gxf6 10. Nd5 f5
11. Bd3 Be6 12. Qh5 Rg8 13. g3 Nd4 14. c3 fxe4 15. Bxe4 Bg4 16. Qxh7 Rg7 17. Qh6 Nf3+ 18. Kf1 Rg5 19. Nf6+ Ke7 20. Qh8 Nd2+
21. Kg2 Nxe4 22. Nxe4 Rg6 23. Qh4+ Ke6 24. Qxd8 Rxd8 25. f3 d5 26. Nf2 Bf5 27. g4 Rg8 28. h4 Rc8 29. Rac1 Bh7 30. Nc2 f6
31. Nb4 d4 32. Nxa6 Bh6 33. Rcd1 dxc3 34. bxc3 Rxc3 35. Nb4 Bc2 36. Nxc2 Rxc2 37. a3 Be3 38. Rhf1 f5 39. Rd3 Re2 40. g5 Rc8
41. g6 Rcc2 42. Rxe3 Rxe3 43. h5 Kf6
0-1

[Event "Cracow, Spring 2009"]
[Site "SchemingMind.com"]
[Date "2009.03.30"]
[Round "-"]
[White "Buckaroo Bob"]
[Black "marekj"]
[Result "0-1"]
[WhiteCountry "USA"]
[BlackCountry "INT"]
[WhiteElo "1972"]
[WhiteRD "82"]
[BlackElo "2269"]
[BlackRD "77"]
[GameID "198240"]

1. c4 Nf6 2. Nf3 g6 3. Nc3 Bg7 4. e4 c5 5. d4 cxd4 6. Nxd4 O-O 7. Be2 d6 8. O-O Nc6 9. Be3 Bd7 10. Nc2 Rc8
11. f3 Ne5 12. Na3 Qa5 13. Qd2 Rfe8 14. Rad1 a6 15. h3 Be6 16. Nd5 Qxd2 17. Rxd2 h6 18. Nxf6+ Bxf6 19. b3 g5 20. Nc2 Ng6
21. Nd4 Bd7 22. Rfd1 Nf4 23. Bf1 Be5 24. Ne2 Kg7 25. Bd4 Bxd4+ 26. Nxd4 h5 27. Nf5+ Bxf5 28. exf5 h4 29. Bd3 Rc5 30. Be4 b5
31. cxb5 axb5 32. a4 bxa4 33. bxa4 Rb8 34. Kf2 Ra5 35. Ra2 Rb4 36. Bc2 Kf6 37. Rb1 Nd5 38. Ra3 Rd4 39. Re1 Rc5 40. Bb1 Rd2+
0-1

[Event "Cracow, Spring 2009"]
[Site "SchemingMind.com"]
[Date "2009.04.01"]
[Round "-"]
[White "iwegiel"]
[Black "marekj"]
[Result "0-1"]
[WhiteCountry "POL"]
[BlackCountry "INT"]
[WhiteElo "1904"]
[WhiteRD "70"]
[BlackElo "2247"]
[BlackRD "77"]
[GameID "198241"]

1. e4 c5 2. Nc3 Nc6 3. g3 g6 4. Bg2 Bg7 5. d3 d6 6. Be3 Rb8 7. Qd2 b5 8. Nge2 b4 9. Nd1 a5 10. O-O Nf6
11. h3 O-O 12. c3 Ba6 13. f4 Qc7 14. c4 Bc8 15. g4 Bd7 16. Ng3 a4 17. Rb1 Nd4 18. f5 Bc6 19. Bh6 Bxh6 20. Qxh6 d5
21. Qh4 dxc4 22. g5 Qxg3 23. Qxg3 Ne2+ 24. Kh2 Nxg3 25. Kxg3 Nh5+ 26. Kg4 cxd3 27. Ne3 e6
0-1

[Event "Cracow, Spring 2009"]
[Site "SchemingMind.com"]
[Date "2009.04.02"]
[Round "-"]
[White "norlavuaram"]
[Black "Han Solo"]
[Result "0-1"]
[WhiteCountry "PER"]
[BlackCountry "HUN"]
[WhiteElo "1756"]
[WhiteRD "85"]
[BlackElo "2067"]
[BlackRD "79"]
[GameID "198357"]

1. e4 c5 2. Nf3 Nc6 3. d4 cxd4 4. Nxd4 Nf6 5. Nc3 e5 6. Ndb5 d6 7. Bg5 a6 8. Na3 b5 9. Nd5 Be7 10. Nxe7 Nxe7
11. Bxf6 gxf6 12. c3 Bb7 13. Bd3 d5 14. exd5 Nxd5 15. Be4 f5 16. Bxf5 Nf4 17. Qxd8+ Rxd8 18. Nc2 Nxg2+ 19. Ke2 Nf4+ 20. Ke3 Ng2+
21. Ke2 Nh4 22. Bh3 Bf3+ 23. Ke3 f5
0-1

[Event "Cracow, Spring 2009"]
[Site "SchemingMind.com"]
[Date "2009.03.30"]
[Round "-"]
[White "norlavuaram"]
[Black "Buckaroo Bob"]
[Result "0-1"]
[WhiteCountry "PER"]
[BlackCountry "USA"]
[WhiteElo "1745"]
[WhiteRD "83"]
[BlackElo "1979"]
[BlackRD "81"]
[GameID "198358"]

1. e4 c5 2. Nf3 d6 3. d4 cxd4 4. Nxd4 Nf6 5. Nc3 g6 6. Bc4 Bg7 7. f3 O-O 8. Be3 Bd7 9. Qd2 Nc6 10. O-O-O Rc8
11. Bb3 Ne5 12. h4 h5 13. g4 hxg4 14. h5 Nxh5 15. Bh6 e6 16. Bxg7 Kxg7 17. fxg4 Nxg4 18. Rdg1 Ngf6 19. Qg5 Rh8 20. Bxe6 Rc5
21. Nf5+ Kf8 22. Nd5 Bxe6 23. Nxf6 gxf5 24. Qg7+ Nxg7 25. Rxh8+ Ke7 26. Rxd8 Kxf6 27. Rxd6 fxe4 28. Rf1+ Rf5 29. Re1 Ke5 30. Rd8 Rf2
31. Rb8 Bd5 32. c4 Bc6 33. Rg8 Ne6 34. a3 Nc5 35. b4 Nd3+
0-1

[Event "Cracow, Spring 2009"]
[Site "SchemingMind.com"]
[Date "2009.04.02"]
[Round "-"]
[White "norlavuaram"]
[Black "iwegiel"]
[Result "1-0"]
[WhiteCountry "PER"]
[BlackCountry "POL"]
[WhiteElo "1792"]
[WhiteRD "86"]
[BlackElo "1906"]
[BlackRD "64"]
[GameID "198359"]

1. e4 e6 2. d4 d5 3. Nd2 Nf6 4. e5 Nfd7 5. Bd3 c5 6. c3 Nc6 7. Ne2 cxd4 8. cxd4 f6 9. exf6 Nxf6 10. O-O Bd6
11. f4 O-O 12. Nf3 Qb6 13. a3 a5 14. Kh1 Bd7 15. Ne5 Be8 16. Rb1 Ne7 17. Ng3 Bb5 18. Be3 Nf5 19. Nxf5 exf5 20. Qb3
1-0

[Event "Cracow, Spring 2009"]
[Site "SchemingMind.com"]
[Date "2009.03.29"]
[Round "-"]
[White "norlavuaram"]
[Black "marekj"]
[Result "0-1"]
[WhiteCountry "PER"]
[BlackCountry "INT"]
[WhiteElo "1792"]
[WhiteRD "86"]
[BlackElo "2118"]
[BlackRD "91"]
[GameID "198360"]

1. e4 c5 2. Nf3 Nc6 3. d4 cxd4 4. Nxd4 Nf6 5. Nc3 e5 6. Ndb5 d6 7. Bg5 a6 8. Na3 b5 9. Nd5 Be7 10. Nxe7 Nxe7
11. Bxf6 gxf6 12. Bd3 d5 13. exd5 Qxd5 14. O-O Bb7 15. f3 Qd4+ 16. Kh1 Qxb2 17. Qc1 Qxc1 18. Raxc1 O-O-O 19. Nb1 f5 20. Nd2 Kc7
21. Rfe1 f6 22. Nb3 Kb6 23. Rcd1 e4 24. fxe4 fxe4 25. Be2 Nd5 26. Bg4 Nc3 27. Rxd8 Rxd8 28. h3 a5 29. Bf5 a4 30. Nc1 h6
31. Kh2 Rd2
0-1

[Event "Cracow, Spring 2009"]
[Site "SchemingMind.com"]
[Date "2009.03.30"]
[Round "-"]
[White "Buckaroo Bob"]
[Black "norlavuaram"]
[Result "1-0"]
[WhiteCountry "USA"]
[BlackCountry "PER"]
[WhiteElo "1979"]
[WhiteRD "81"]
[BlackElo "1745"]
[BlackRD "83"]
[GameID "198362"]

1. c4 Nf6 2. Nf3 g6 3. Nc3 Bg7 4. e4 d6 5. d4 O-O 6. Be2 e5 7. Be3 Nc6 8. d5 Ne7 9. Nd2 Nd7 10. b4 f5
11. f3 f4 12. Bf2 g5 13. c5 Nf6 14. Nc4 h5 15. cxd6 cxd6 16. Nb5 Ne8 17. Nxa7 Bd7 18. a4 Nc8 19. Nxc8 Rxc8 20. Nb6 Rc7
21. Nxd7 Qxd7 22. Bb5 Qc8 23. O-O g4 24. Bb6 Rc2 25. Rc1 Rxc1 26. Qxc1 Nf6 27. Qc7 gxf3 28. gxf3 Qh3 29. Qxd6 Bh6 30. Qe6+ Qxe6
31. dxe6 Ne8 32. Bc5
1-0

[Event "Cracow, Spring 2009"]
[Site "SchemingMind.com"]
[Date "2009.04.02"]
[Round "-"]
[White "iwegiel"]
[Black "norlavuaram"]
[Result "1-0"]
[WhiteCountry "POL"]
[BlackCountry "PER"]
[WhiteElo "1906"]
[WhiteRD "64"]
[BlackElo "1792"]
[BlackRD "86"]
[GameID "198363"]

1. b4 Nf6 2. Bb2 e6 3. b5 d5 4. e3 Be7 5. Nf3 O-O 6. c4 c6 7. a4 cxb5 8. cxb5 a6 9. Nc3 axb5 10. axb5 Rxa1
11. Qxa1 Nbd7 12. Na4 Nc5 13. Nxc5 Bxc5 14. Be2 Bd7 15. Ne5 Bd6 16. Nxd7 Qxd7 17. Bxf6 gxf6 18. Qxf6 e5 19. O-O Qe6 20. Qxe6 fxe6
21. Ra1 Rc8 22. g3 Rc2 23. Ra7 Rxd2 24. Bg4 Kf7 25. Rxb7+ Kf6 26. Rxh7 Kg6 27. Rd7 Bb4 28. b6 Rd1+ 29. Bxd1
1-0

[Event "Cracow, Spring 2009"]
[Site "SchemingMind.com"]
[Date "2009.03.29"]
[Round "-"]
[White "marekj"]
[Black "norlavuaram"]
[Result "1-0"]
[WhiteCountry "INT"]
[BlackCountry "PER"]
[WhiteElo "2118"]
[WhiteRD "91"]
[BlackElo "1792"]
[BlackRD "86"]
[GameID "198364"]

1. d4 Nf6 2. c4 g6 3. Nc3 Bg7 4. Nf3 d6 5. g3 O-O 6. Bg2 Nbd7 7. O-O c6 8. Qc2 a6 9. Rd1 Qc7 10. e4 Rb8
11. c5 b5 12. b4 dxc5 13. Bf4 e5 14. Nxe5 Nh5 15. Nxd7 Nxf4 16. Nxb8 Nxg2 17. Kxg2 cxd4 18. Nd5 Qxb8 19. Ne7+ Kh8 20. Nxc6 Qa8
21. Nxd4 Bb7 22. f3 Rc8 23. Qf2 Rc4 24. Rac1 Rxb4 25. Ne2 Rb2 26. Qb6
1-0

[Event "Cracow, Spring 2009"]
[Site "SchemingMind.com"]
[Date "2009.03.29"]
[Round "-"]
[White "adamsrichg"]
[Black "norlavuaram"]
[Result "1-0"]
[WhiteCountry "USA"]
[BlackCountry "PER"]
[WhiteElo "1907"]
[WhiteRD "72"]
[BlackElo "1745"]
[BlackRD "83"]
[GameID "198474"]

1. e4 e5 2. Nf3 Nc6 3. Bb5 a6 4. Bxc6 dxc6 5. O-O Bg4 6. h3 h5 7. d3 Qf6 8. Nbd2 Ne7 9. Nc4 Bxf3 10. Qxf3 Qxf3
11. gxf3 Ng6= 12. Be3 O-O-O 13. Rfd1 f6 14. Kf1 Ne7 15. f4 exf4 16. Bxf4 g5 17. Be3 Ng6 18. Ke2 g4 19. Rg1 Ne5 20. Nxe5 fxe5
21. hxg4 hxg4 22. Rh1 Bg7 23. Rag1 Rxh1 24. Rxh1 Rh8 25. Rxh8+ Bxh8 26. Kf1 Bf6 27. Kg2 Kd7 28. Kg3 Ke6 29. Kxg4 b6 30. b3 c5
31. f4 exf4 32. Bxf4 c6 33. Bc7 b5 34. Kf4 Bh4 35. c4 Be1 36. e5 Bd2+ 37. Ke4 Bc1 38. Bd6 Ba3 39. d4 bxc4 40. bxc4 a5
41. Bxc5 Bb2 42. a4 Bc3 43. d5+ cxd5+ 44. cxd5+ Kd7 45. e6+ Kd8 46. d6 Be1 47. Kd5 Bd2 48. Kc6 Bc3 49. e7+
1-0

[Event "Cracow, Spring 2009"]
[Site "SchemingMind.com"]
[Date "2009.04.02"]
[Round "-"]
[White "adamsrichg"]
[Black "Han Solo"]
[Result "0-1"]
[WhiteCountry "USA"]
[BlackCountry "HUN"]
[WhiteElo "1889"]
[WhiteRD "78"]
[BlackElo "2110"]
[BlackRD "79"]
[GameID "198475"]

1. e4 c5 2. Nc3 Nc6 3. f4 g6 4. Nf3 Bg7 5. Bb5 Nd4 6. O-O Nxb5 7. Nxb5 d5 8. exd5 a6 9. Nc3 Nf6 10. d3 b5
11. Ne4 Qxd5 12. Qe1 Bb7 13. a3 Nxe4 14. dxe4 Qxe4 15. Qf2 O-O 16. c3 Rfe8 17. Qxc5 Rac8 18. Qe3 Qd5 19. Qf2 Rcd8 20. Be3 Qb3
21. Nd4 Qc4 22. f5 Rd6 23. fxg6 Rxg6 24. Nf3 Qb3 25. Rab1 Be4 26. Rbd1 Bd5 27. Qd2 Bxf3 28. Rxf3 Rd6 29. Bd4 e5 30. Qe2 Red8
31. Rfd3 exd4 32. cxd4 Qe6
0-1

[Event "Cracow, Spring 2009"]
[Site "SchemingMind.com"]
[Date "2009.03.30"]
[Round "-"]
[White "adamsrichg"]
[Black "Buckaroo Bob"]
[Result "0-1"]
[WhiteCountry "USA"]
[BlackCountry "USA"]
[WhiteElo "1907"]
[WhiteRD "72"]
[BlackElo "1979"]
[BlackRD "81"]
[GameID "198476"]

1. e4 c5 2. Nc3 d6 3. f4 g6 4. Nf3 Nc6 5. Bb5 Bd7 6. O-O Bg7 7. d3 a6 8. Bxc6 Bxc6 9. Qe1 b5 10. Rb1 b4
11. Ne2 Nf6 12. Bd2 Qb6 13. Kh1 a5 14. Ng3 Nd7 15. f5 a4 16. fxg6 hxg6 17. Ng5 Nf6 18. h3 e5 19. Rf3 Ra7 20. Qf1 Qd8
21. a3 b3 22. c3 O-O 23. Qf2 Nh7 24. Nxh7 Kxh7 25. Rf1 Qh4 26. Ne2 Qxf2 27. R3xf2 d5 28. Ng3 Rd7 29. Be3 d4 30. cxd4 cxd4
31. Bd2 Bb5 32. Rf3 Rc8 33. Rb1 Rdc7 34. Kg1 Rc2 35. Nf1 f5 36. exf5 gxf5 37. Bb4 e4 38. dxe4 fxe4 39. Rf4 Rc1 40. Rxc1 Rxc1
41. g3 e3 42. Kg2 Rc2+ 43. Kf3 Rf2+
0-1

[Event "Cracow, Spring 2009"]
[Site "SchemingMind.com"]
[Date "2009.03.29"]
[Round "-"]
[White "adamsrichg"]
[Black "iwegiel"]
[Result "0-1"]
[WhiteCountry "USA"]
[BlackCountry "POL"]
[WhiteElo "1894"]
[WhiteRD "76"]
[BlackElo "1906"]
[BlackRD "64"]
[GameID "198477"]

1. e4 e6 2. d4 d5 3. Nd2 Nf6 4. e5 Nfd7 5. Bd3 c5 6. c3 Nc6 7. Ne2 cxd4 8. cxd4 f6 9. exf6 Nxf6 10. Nf3 Bd6
11. O-O Qc7 12. Bg5 O-O 13. Rc1 Nh5 14. Ng3 Nf4 15. Bb1 Bd7 16. Re1 Be8 17. Nh4 Be7 18. Qg4 Bxg5 19. Qxg5 Qf7 20. Nf3 Nxg2
0-1

[Event "Cracow, Spring 2009"]
[Site "SchemingMind.com"]
[Date "2009.03.29"]
[Round "-"]
[White "adamsrichg"]
[Black "marekj"]
[Result "0-1"]
[WhiteCountry "USA"]
[BlackCountry "INT"]
[WhiteElo "1914"]
[WhiteRD "78"]
[BlackElo "2269"]
[BlackRD "77"]
[GameID "198478"]

1. e4 c5 2. Nc3 Nc6 3. f4 g6 4. Nf3 Bg7 5. Bb5 Nd4 6. O-O Nxb5 7. Nxb5 d6 8. d3 Nf6 9. Nc3 O-O 10. Qe1 Bd7
11. Qh4 Bc6 12. f5 Qb6 13. Kh1 gxf5 14. exf5 Qb4 15. Qg3 Qg4 16. Qf4 Qxf4 17. Bxf4 b5 18. Rab1 b4 19. Ne2 Rfb8 20. Nd2 a5
21. Rfe1 Ba4 22. b3 Bd7 23. Ng3 Nd5 24. Bg5 Re8 25. Nde4 a4 26. Kg1 axb3 27. axb3 Bd4+ 28. Kh1 Ra2 29. Re2 f6 30. Bc1 Rea8
31. Bh6 Ra1 32. Rbe1 Rxe1+ 33. Rxe1 Ra2 34. Rc1 Be3 35. Bxe3 Nxe3 36. c3 bxc3 37. Nxc3 Rd2
0-1

[Event "Cracow, Spring 2009"]
[Site "SchemingMind.com"]
[Date "2009.03.30"]
[Round "-"]
[White "norlavuaram"]
[Black "adamsrichg"]
[Result "0-1"]
[WhiteCountry "PER"]
[BlackCountry "USA"]
[WhiteElo "1745"]
[WhiteRD "83"]
[BlackElo "1907"]
[BlackRD "72"]
[GameID "198479"]

1. e4 c5 2. Nf3 g6 3. Nc3 Bg7 4. d4 cxd4 5. Nxd4 Nc6 6. Be3 Nf6 7. Bc4 O-O 8. f3 d5 9. exd5 Nb4 10. O-O Nbxd5
11. Nxd5 Nxd5 12. Bxd5 Qxd5 13. c3 Be6 14. Nxe6 Qxe6 15. Bf2 Rfd8 16. Qc2 b6 17. Rfe1 Qf6 18. Bd4 Qg5 19. Bxg7 Kxg7 20. Rad1 e6
21. Qc1 Qxc1 22. Rxc1 Rd2 23. Rb1 Rad8 24. Kf1 Rc2 25. Re2 Rdd2 26. Rxd2 Rxd2 27. a4 Kf6 28. b4 Rc2 29. Rb3 Ke5 30. a5 b5
31. h3 Kd5 32. Rb1 Rxc3 33. Rd1+ Kc6 34. Rd8 Kb7 35. Rd7+ Rc7 36. Rd4 a6 37. Kf2 Kc6 38. Rh4 h5 39. g4 hxg4 40. Rxg4 Kd5
41. Rg5+ Kc4 42. Rg4+ Kc3 43. Rf4 f5 44. Rh4 e5 45. Rh6 Rg7 46. Rh4 f4 47. Rh8 Kxb4
0-1

[Event "Cracow, Spring 2009"]
[Site "SchemingMind.com"]
[Date "2009.04.02"]
[Round "-"]
[White "Han Solo"]
[Black "adamsrichg"]
[Result "1-0"]
[WhiteCountry "HUN"]
[BlackCountry "USA"]
[WhiteElo "2110"]
[WhiteRD "79"]
[BlackElo "1889"]
[BlackRD "78"]
[GameID "198480"]

1. e4 c5 2. Nf3 g6 3. d4 cxd4 4. Nxd4 Nc6 5. Be3 Bg7 6. c4 Nf6 7. Nc3 d6 8. Be2 O-O 9. O-O Nxd4 10. Bxd4 Be6
11. Rc1 Rc8 12. b3 b6 13. f4 Bd7 14. f5 Bc6 15. Bf3 Qd7 16. fxg6 fxg6 17. Qe2 e5 18. Be3 Qb7 19. Bg5 Rc7 20. Qd3 Rd7
21. b4 Qb8 22. Rcd1 Ne8 23. Bg4 Rxf1+ 24. Rxf1 Rc7 25. Be6+ Kh8 26. Qf3 h6 27. Qh3 Kh7 28. b5 Bb7 29. a4 Bc8 30. Be3 Bxe6
31. Qxe6 Qc8 32. Qxc8 Rxc8 33. Nd5 Rxc4 34. Rf7 Kg8 35. Rxa7 Rxe4 36. a5 bxa5 37. b6 Nf6 38. b7 Nd7 39. Ra8+ Kh7 40. Rd8
1-0

[Event "Cracow, Spring 2009"]
[Site "SchemingMind.com"]
[Date "2009.03.30"]
[Round "-"]
[White "Buckaroo Bob"]
[Black "adamsrichg"]
[Result "1/2-1/2"]
[WhiteCountry "USA"]
[BlackCountry "USA"]
[WhiteElo "1972"]
[WhiteRD "82"]
[BlackElo "1914"]
[BlackRD "78"]
[GameID "198481"]

1. c4 c5 2. Nf3 g6 3. d4 cxd4 4. Nxd4 Nc6 5. e4 Nf6 6. Nc3 d6 7. Be2 Nxd4 8. Qxd4 Bg7 9. Be3 O-O 10. Qd2 Be6
11. O-O Qa5 12. Rab1 Rfc8 13. b3 Ng4 14. Nd5 Qxd2 15. Bxd2 Kf8 16. Bg5 Bxd5 17. exd5 Ne5 18. Rbd1 h6 19. Be3 b6 20. f4 Nd7
21. f5 g5 22. Bf2 Kg8 23. h4 Nc5 24. Bd4 Re8 25. Bf3 Rac8 26. Rfe1 Kf8 27. Re3 Rc7 28. Bh5 Nd7 29. hxg5 hxg5 30. Rg3 Bf6
31. Be3 Kg7 32. Bxg5 Bxg5 33. Rxg5+ Kf6 34. Rg3 Rh8 35. Be2 Ne5 36. Rf1 Rcc8 37. Rh3 Rxh3 38. gxh3 Rg8+ 39. Kf2 Rg5 40. Ke3 Rxf5
41. Rxf5+ Kxf5 42. h4 Ng4+ 43. Kf3 Nf6 44. Ke3 Ke5 45. Bf3 Ng8 46. Bg4 Nh6 47. Bh3 Kf6 48. Kf4 Kg6 49. Bd7 Kh5 50. Kg3 Kg6
51. Bh3 Ng8 52. Bg4 Nf6 53. Kf4 Ng8 54. b4 Nf6 55. a4 Ne8 56. Bd7 Nf6 57. Bg4 Ne8=
1/2-1/2

[Event "Cracow, Spring 2009"]
[Site "SchemingMind.com"]
[Date "2009.04.03"]
[Round "-"]
[White "iwegiel"]
[Black "adamsrichg"]
[Result "0-1"]
[WhiteCountry "POL"]
[BlackCountry "USA"]
[WhiteElo "1899"]
[WhiteRD "67"]
[BlackElo "1907"]
[BlackRD "72"]
[GameID "198482"]

1. b3 d5 2. Bb2 Bg4 3. g3 c6 4. Bg2 Nd7 5. Nf3 Ngf6 6. d3 e6 7. Nbd2 Be7 8. c4 O-O 9. O-O Qc7 10. Qc2 Rac8
11. Rac1 b6 12. Qb1 c5 13. cxd5 exd5 14. d4 Qd6 15. Rfe1 Bh5 16. Nh4 Bg4 17. h3 Be6 18. Nf5 Bxf5 19. Qxf5 Rfe8 20. Rcd1 c4
21. bxc4 dxc4 22. Rc1 Qb4 23. Bc3 Qa3 24. d5 Bb4 25. Nb1 Qa5 26. Bxb4 Qxb4 27. e4 Re5 28. Qf3 Rce8 29. Nc3 Nc5 30. Qd1 Nd3
0-1